00367nam a2200157Ia 45000010006000000050017000060080041000230410008000640820017000721000035000892450032001242600009001563000028001656500008001936540008002011149120260306162832.0260306t1966||||xx |||||||||||||| ||spa|| aESP a985.061bB25 aBarra, Felipe de la Gral.eAUT 0aLa historia militar peruana c1966 a297 páginas :c22 cm. aGEN aCHU